01013cam a22002897a 450000500170000000800410001701000100005801100100006803500100007808200150008811101400010324500140024326000370025730000110029459000410030559000410034659000410038759000410042859000420046965000400051165000330055170000330058470000270061790100070064494900550065199900170070620220329141216.0971010s1982 r 00010 d a64402 a65374 a72052 a631.5bS4500aSeminario del Caribe sobre Metodologías para la Investigación de Sistemas Agrícolas (d1980c: Pointe a Pitre, Guadalupe)9104094 0aPonencias aSan José, C. R. :bIICA,c1982 a638 p. aBATCH-UPDb10c20130110lUCH01h0748 aBATCH-UPDb10c20130410lUCH01h0428 aBATCH-UPDb10c20130914lUCH01h1932 aBATCH-UPDb10c20140805lUCH01h1146 aCONVERSIONb10c20130109lUCH01h133514aAgriculturaxInvestigación.9157714aSistemas de cultivo.91067460 aPinchinat, Antonio M.9881290 aServant, Jean.9105284 aBK a631.5 S45bZAcLIBROd-4736eLIBROh4844i72052si c64402d64402